| 000 | 00000nam##2200000za#4500 |
| 001 | 9.631226 |
| 003 | CaOODSP |
| 005 | 20250506145323 |
| 007 | cr ||||||||||| |
| 008 | 150407|2004||||xxc|||||o f|0| 0 fre|d |
| 040 | |aCaOODSP|bfre |
| 043 | |an-cn--- |
| 086 | 1 |aA22-358/2003F-PDF |
| 110 | 1 |aCanada.|bAgriculture Canada. |
| 245 | 10|aServices-conseils aux exploitations agricoles canadiennes : |h[ressource électronique]|baméliorer l'accès aux services de gestion des entreprises |
| 260 | |aOttawa - Ontario : |bAgriculture Canada |cJanvier 2004. |
| 300 | |a6p. |
| 500 | |aLe n° de catalogue (A22-358/2003F) et l'ISBN (0-662-75113-2) de l'édition imprimée ont été copiés dans l'édition électronique. Publication historique numérisée par Agriculture et Agroalimentaire Canada. |
| 590 | |a15-03-Supp|b2015-03-13 |
| 691 | 07|aProgramme d'aide agricole|2gcpds |
| 775 | 08|tCanadian Farm Business Advisory Services : |w(CaOODSP)9.686763 |
| 776 | 0#|tServices-conseils aux entreprises agricoles canadiennes : |w(CaOODSP)9.682289 |
| 856 | 40|ahttp://publications.gc.ca|qPDF|s190 Ko|uhttps://publications.gc.ca/collections/collection_2015/aac-aafc/A22-358-2003-fra.pdf |
| 986 | |aAAC 2235F |